[Event "Delmenhorster SK-Eintracht Berlin"]
[Site "Greifswald"]
[Date "2017.09.08"]
[Round "3.2"]
[White "Steffens, Oliver"]
[Black "Straßburg, Robin Leonard"]
[Result "1/2-1/2"]
[WhiteElo "1985"]
[BlackElo "1630"]
[PlyCount "49"]
[EventDate "2017.??.??"]
[WhiteTeam "Delmenhorster SK"]
[BlackTeam "Eintracht Berlin"]

1. e4 e5 2. Nf3 Nc6 3. Bb5 Nf6 4. O-O Nxe4 5. d4 Nd6 6. dxe5 Nxb5 7. a4 Nbd4 8.
Nxd4 Nxd4 9. Qxd4 d5 10. Nc3 c6 11. Qd3 g6 12. Bf4 Bg7 13. Rfd1 O-O 14. Qd2 Bf5
15. h3 Re8 16. g4 Be6 17. Bg5 Qb6 18. Bf6 h6 19. a5 Qc7 20. f4 Bxf6 21. exf6
Bd7 22. Kg2 Qd6 23. g5 h5 24. Re1 Kf8 25. Ne4 1/2-1/2

[Event "Delmenhorster SK-Eintracht Berlin"]
[Site "Greifswald"]
[Date "2017.09.08"]
[Round "3.3"]
[White "Schulz, Jannis"]
[Black "Petri, Ben-Luca"]
[Result "1/2-1/2"]
[WhiteElo "1553"]
[BlackElo "1779"]
[PlyCount "95"]
[EventDate "2017.??.??"]
[WhiteTeam "Eintracht Berlin"]
[BlackTeam "Delmenhorster SK"]

1. d4 Nf6 2. Nf3 d5 3. e3 c5 4. c3 Nc6 5. Bd3 e6 6. Nbd2 Bd7 7. Qe2 Bd6 8. dxc5
Bxc5 9. O-O O-O 10. e4 dxe4 11. Nxe4 Be7 12. Nxf6+ Bxf6 13. Be3 Qe7 14. Rad1
Rfd8 15. Rd2 Be8 16. Rfd1 Rd7 17. Bb5 Rxd2 18. Rxd2 Rd8 19. h3 a6 20. Bd3 Qc7
21. Bg5 Qe7 22. Qe4 g6 23. Qe3 Rd5 24. Bxf6 Qxf6 25. Bc4 Rd8 26. Rxd8 Qxd8 27.
Bb3 Qd6 28. Ng5 Qe5 29. Qd2 Kg7 30. Nf3 Qf6 31. Bc2 Qd8 32. Be4 Qxd2 33. Nxd2
f5 34. Bf3 Kf6 35. Nc4 Ke7 36. Kf1 b5 37. Nd2 Kd6 38. Ke2 e5 39. Ke3 Bf7 40. b3
h6 41. Be2 Kc5 42. b4+ Kb6 43. a3 a5 44. Nf3 axb4 45. axb4 Bd5 46. g3 g5 47.
Ne1 f4+ 48. Kd2 1/2-1/2

[Event "Delmenhorster SK-Eintracht Berlin"]
[Site "Greifswald"]
[Date "2017.09.08"]
[Round "3.4"]
[White "Sinnhöfer, Jonas"]
[Black "Schulz, Maximilian"]
[Result "1-0"]
[WhiteElo "1870"]
[BlackElo "1505"]
[PlyCount "47"]
[EventDate "2017.??.??"]
[WhiteTeam "Delmenhorster SK"]
[BlackTeam "Eintracht Berlin"]

1. e4 d5 2. exd5 Qxd5 3. d4 c6 4. Nf3 Nf6 5. c4 Qd8 6. Nc3 Bf5 7. Bd3 Bg4 8.
Qb3 Qc7 9. Ne5 e6 10. Bf4 Bd6 11. h3 Bf5 12. Bxf5 exf5 13. c5 Bxe5 14. Bxe5 Qe7
15. O-O-O O-O 16. Bd6 Qd7 17. Bxf8 Kxf8 18. d5 cxd5 19. Nxd5 Qc6 20. Nxf6 Qxc5+
21. Kb1 gxf6 22. Qxb7 Qc6 23. Rd8+ Kg7 24. Qxc6 1-0

[Event "Greifswalder SV-Johanneum Eppendorf"]
[Site "Greifswald"]
[Date "2017.09.08"]
[Round "3.1"]
[White "Keyser, Philipp"]
[Black "Troyke, Jannis"]
[Result "1-0"]
[WhiteElo "1968"]
[BlackElo "1870"]
[PlyCount "109"]
[EventDate "2017.??.??"]
[WhiteTeam "Johanneum Eppendorf"]
[BlackTeam "Greifswalder SV"]

1. e4 c5 2. Nf3 d6 3. d4 cxd4 4. Nxd4 Nf6 5. Nc3 g6 6. Be3 Bg7 7. f3 O-O 8. Qd2
Nc6 9. O-O-O d5 10. Kb1 Nxd4 11. e5 Nf5 12. exf6 exf6 13. Nxd5 Nxe3 14. Qxe3
Be6 15. Bc4 f5 16. Bb3 Re8 17. Qc1 a5 18. Nf4 Qb6 19. Nxe6 fxe6 20. a4 Qb4 21.
Qd2 Qxd2 22. Rxd2 Kf7 23. Re1 Ra6 24. Bc4 Rb6 25. Bb5 Re7 26. c4 Rc7 27. Red1
Bf8 28. Rd7+ Rxd7 29. Rxd7+ Kg8 30. f4 Rd6 31. Rxb7 Rd2 32. Bd7 Rxg2 33. Bxe6+
Kh8 34. Rb5 Bb4 35. c5 Bd2 36. c6 Bxf4 37. Rxa5 Rg1+ 38. Ka2 Rc1 39. Bd5 Bxh2
40. b4 Be5 41. b5 Rc5 42. Ra8+ Kg7 43. b6 Kh6 44. c7 Bxc7 45. bxc7 Rxc7 46. a5
Kg5 47. a6 h5 48. Bb7 Rc5 49. Kb3 Ra5 50. Rc8 f4 51. Kb4 Ra1 52. Rc5+ Kh4 53.
Ra5 Rc1 54. a7 Rb1+ 55. Kc3 1-0

[Event "Greifswalder SV-Johanneum Eppendorf"]
[Site "Greifswald"]
[Date "2017.09.08"]
[Round "3.2"]
[White "Altenstein, Jonas"]
[Black "Keyser, Robin"]
[Result "0-1"]
[WhiteElo "1392"]
[BlackElo "1972"]
[PlyCount "96"]
[EventDate "2017.??.??"]
[WhiteTeam "Greifswalder SV"]
[BlackTeam "Johanneum Eppendorf"]

1. e4 c5 2. c3 Nf6 3. e5 Nd5 4. Bc4 Nb6 5. Bb3 Nc6 6. d4 cxd4 7. cxd4 d5 8. Be3
Bf5 9. Nd2 e6 10. Ngf3 Be7 11. O-O O-O 12. Rc1 a5 13. a3 Qd7 14. Qe2 f6 15.
exf6 Bxf6 16. Ne5 Bxe5 17. dxe5 d4 18. Bg5 Nd5 19. Nc4 d3 20. Qe1 Nd4 21. Bd1
Rfc8 22. Nxa5 Rxc1 23. Bxc1 Ne2+ 24. Bxe2 dxe2 25. Qxe2 Rxa5 26. Qc4 Qc7 27.
Qxc7 Nxc7 28. f4 Rc5 29. Be3 Rc2 30. Rf2 Nd5 31. Rxc2 Bxc2 32. Kf2 Nxe3 33.
Kxe3 Kf7 34. Kd4 b5 35. Kc5 Bd3 36. Kb4 Kg6 37. g4 h5 38. f5+ exf5 39. e6 hxg4
40. Kc5 Kf6 41. Kd4 Bf1 42. e7 Kxe7 43. Ke5 g6 44. b3 Kf7 45. a4 bxa4 46. bxa4
Kg7 47. a5 Kh6 48. Kf4 Kh5 0-1

[Event "Greifswalder SV-Johanneum Eppendorf"]
[Site "Greifswald"]
[Date "2017.09.08"]
[Round "3.3"]
[White "Liebert, Marcel"]
[Black "Wucherer, Sophie"]
[Result "0-1"]
[WhiteElo "1257"]
[BlackElo "1288"]
[PlyCount "56"]
[EventDate "2017.??.??"]
[WhiteTeam "Johanneum Eppendorf"]
[BlackTeam "Greifswalder SV"]

1. e4 e6 2. d4 d5 3. e5 c5 4. c3 Nc6 5. Nf3 Bd7 6. Bd3 Qb6 7. Be2 Nge7 8. O-O
Ng6 9. a3 a5 10. Re1 Be7 11. Nbd2 cxd4 12. cxd4 Nxd4 13. Nxd4 Qxd4 14. Nf3 Qxd1
15. Rxd1 Rc8 16. Bd3 O-O 17. Be3 Bc5 18. Bg5 h6 19. Bd2 Bb6 20. Bxg6 fxg6 21.
Bc3 Rf5 22. Rd2 g5 23. Rc1 g4 24. Nh4 Rf7 25. g3 d4 26. Rcd1 dxc3 27. Rxd7 Rxd7
28. Rxd7 c2 0-1

[Event "Greifswalder SV-Johanneum Eppendorf"]
[Site "Greifswald"]
[Date "2017.09.08"]
[Round "3.4"]
[White "Chauvin, Mano"]
[Black "Soppe, Moritz"]
[Result "0-1"]
[WhiteElo "1163"]
[BlackElo "1051"]
[PlyCount "159"]
[EventDate "2017.??.??"]
[WhiteTeam "Greifswalder SV"]
[BlackTeam "Johanneum Eppendorf"]

1. e4 e5 2. Nf3 Nc6 3. Bc4 Nf6 4. d3 Bc5 5. c3 Bb6 6. O-O O-O 7. Bg5 d6 8. Nbd2
h6 9. Bh4 Be6 10. b4 a6 11. Qb3 d5 12. exd5 Bxd5 13. Rfe1 Qd6 14. Bxf6 Bxc4 15.
Nxc4 Qxf6 16. a4 Rad8 17. Rad1 Rfe8 18. a5 Ba7 19. b5 axb5 20. Qxb5 Rb8 21. Rd2
e4 22. dxe4 Qxc3 23. a6 Qb4 24. Qd5 Qc5 25. axb7 Qxd5 26. exd5 Rxe1+ 27. Nxe1
Nd8 28. Na5 Nxb7 29. Nc6 Ra8 30. Rc2 Bb6 31. g3 Ra1 32. Kf1 Rd1 33. Ne7+ Kf8
34. Re2 Bc5 35. Nc6 Rxd5 36. Rb2 Rd6 37. Ne5 Nd8 38. Rc2 Ne6 39. Kg2 f6 40.
N5d3 Bb6 41. Nb2 Bd4 42. Ned3 Bxb2 43. Nxb2 Ke7 44. Na4 Kd7 45. Nc3 Rc6 46.
Rd2+ Kc8 47. Nd5 Rd6 48. Ne7+ Kd7 49. Rxd6+ Kxd6 50. Nf5+ Ke5 51. Ne3 c5 52.
f4+ Ke4 53. Kf2 Kd3 54. Nd1 c4 55. Nb2+ Kc3 56. Na4+ Kd2 57. h4 f5 58. Kf3 h5
59. Kf2 c3 60. Nxc3 Kxc3 61. Ke3 g6 62. Kf3 Kd3 63. Kf2 Nd4 64. Kg2 Ke3 65. Kh2
Kf3 66. Kh3 Ne2 67. Kh2 Nxg3 68. Kh3 Kxf4 69. Kh2 Kg4 70. Kg2 Kxh4 71. Kh2 Ne2
72. Kg2 g5 73. Kh1 Nd4 74. Kh2 f4 75. Kg2 f3+ 76. Kf2 g4 77. Kg1 Kh3 78. Kh1 g3
79. Kg1 g2 80. Kf2 0-1

[Event "Makkabi Rostock-SAV Torgelow"]
[Site "Greifswald"]
[Date "2017.09.08"]
[Round "3.1"]
[White "Beck, Jules"]
[Black "Schamber, Dennis"]
[Result "0-1"]
[WhiteElo "1483"]
[BlackElo "1696"]
[PlyCount "96"]
[EventDate "2017.??.??"]
[WhiteTeam "SAV Torgelow"]
[BlackTeam "Makkabi Rostock"]

1. e4 c5 2. f4 a6 3. Nc3 b5 4. d3 Bb7 5. Nf3 e6 6. Be2 b4 7. Nb1 d5 8. e5 Nc6
9. O-O Be7 10. Qe1 Nh6 11. Be3 Nf5 12. Bf2 h5 13. Nbd2 g5 14. Nxg5 Bxg5 15.
fxg5 Qxg5 16. Nf3 Qe7 17. Nh4 Nfd4 18. Qd2 O-O-O 19. Rac1 Rdg8 20. c3 bxc3 21.
bxc3 Nxe2+ 22. Qxe2 Rg4 23. Nf3 Rhg8 24. Ne1 Qg5 25. Be3 Qxe5 26. Qf2 f5 27.
Bxc5 Kb8 28. Be3 Ka8 29. Rc2 d4 30. cxd4 Nxd4 31. Bxd4 Qxd4 32. Qxd4 Rxd4 33.
Re2 Bd5 34. Rd2 Ra4 35. Rff2 Rc8 36. h3 Rc1 37. Rfe2 Ra1 38. Kf2 R1xa2 39. Rxa2
Bxa2 40. Rb2 Ka7 41. Ke3 a5 42. Nc2 Bd5 43. g3 h4 44. Nd4 hxg3 45. Nb5+ Kb6 46.
Nc3+ Rb4 47. Nxd5+ exd5 48. Rg2 Rh4 0-1

[Event "Makkabi Rostock-SAV Torgelow"]
[Site "Greifswald"]
[Date "2017.09.08"]
[Round "3.2"]
[White "Petrow, Jonas"]
[Black "Trömer, Axel"]
[Result "1-0"]
[WhiteElo "1647"]
[BlackElo "1433"]
[PlyCount "95"]
[EventDate "2017.??.??"]
[WhiteTeam "Makkabi Rostock"]
[BlackTeam "SAV Torgelow"]

1. d4 Nf6 2. c4 g6 3. Nc3 Bg7 4. e4 d6 5. f3 e5 6. d5 O-O 7. Be3 Nh5 8. Qd2 f5
9. O-O-O Nd7 10. Kb1 Nc5 11. Bd3 f4 12. Bf2 Bd7 13. Nge2 a6 14. Bc2 b5 15. b4
Na4 16. Nxa4 bxa4 17. c5 Bb5 18. Nc3 Qb8 19. Nxb5 Qxb5 20. Bd3 Qb8 21. Ka1 Rc8
22. cxd6 cxd6 23. Rc1 Qb7 24. Rxc8+ Rxc8 25. Rc1 Rxc1+ 26. Qxc1 Qxb4 27. Be1
Qb6 28. Qb2 Qc5 29. Bf2 Qc7 30. Bxa6 Qe7 31. Qb5 a3 32. Qa5 Qg5 33. Bf1 Ng3 34.
Qe1 Nh5 35. Bh4 Qh6 36. h3 Ng3 37. Bd8 Nxf1 38. Qxf1 Bf8 39. Qa6 Qg7 40. Qxa3
Qd7 41. Qa5 Qc8 42. Bc7 Qb7 43. Qb6 Qc8 44. a4 Kf7 45. a5 Be7 46. Qc6 Bd8 47.
a6 Bxc7 48. a7 1-0

[Event "Makkabi Rostock-SAV Torgelow"]
[Site "Greifswald"]
[Date "2017.09.08"]
[Round "3.3"]
[White "Wolfgramm, Egon"]
[Black "Röste, Hugo"]
[Result "0-1"]
[WhiteElo "1239"]
[BlackElo "1358"]
[PlyCount "70"]
[EventDate "2017.??.??"]
[WhiteTeam "SAV Torgelow"]
[BlackTeam "Makkabi Rostock"]

1. d4 d5 2. Nf3 e6 3. Bf4 Nc6 4. e3 Bd6 5. Ne5 Bxe5 6. Bxe5 Nxe5 7. dxe5 Ne7 8.
Nd2 Ng6 9. Nf3 a6 10. Be2 O-O 11. Qd4 Qe7 12. O-O c5 13. Qg4 b5 14. h4 h6 15.
Bd3 Nh8 16. Qh5 c4 17. Be2 Ng6 18. Qg4 a5 19. Rfd1 b4 20. Rd4 Qe8 21. b3 cxb3
22. cxb3 f6 23. exf6 Rxf6 24. Bd3 e5 25. Bxg6 Rxg6 26. Qh5 exd4 27. Qxd5+ Be6
28. Qxd4 Rd8 29. Qa7 Bg4 30. Nh2 Bf5 31. Rc1 Rgd6 32. Rc7 R8d7 33. Qxa5 Rxc7
34. Qxc7 Qd8 35. Qxd8+ Rxd8 0-1

[Event "Makkabi Rostock-SAV Torgelow"]
[Site "Greifswald"]
[Date "2017.09.08"]
[Round "3.4"]
[White "Tovmasyan, Minas"]
[Black "Rosenhahn, Nico"]
[Result "1-0"]
[WhiteElo "1313"]
[BlackElo "1211"]
[PlyCount "45"]
[EventDate "2017.??.??"]
[WhiteTeam "Makkabi Rostock"]
[BlackTeam "SAV Torgelow"]

1. d4 d5 2. c4 e6 3. Nc3 Be7 4. Bf4 c6 5. Nf3 Nf6 6. e3 Nbd7 7. c5 O-O 8. Bd3
Re8 9. O-O Nf8 10. Qc2 Ng6 11. Bg3 Nh5 12. Bxg6 hxg6 13. Be5 f6 14. Qxg6 fxe5
15. Qxh5 exd4 16. exd4 Bf6 17. Ne5 Bd7 18. Nf7 Qc7 19. Rad1 Rf8 20. Ng5 Rfd8
21. Qf7+ Kh8 22. Nxe6 Bxe6 23. Qxc7 1-0